00385nam a2200145Ia 4500008004100000020001500041041001200056082001600068100001800084245007000102260002500172300000800197650001600205700001800221221030s9999 xx 000 0 und d a0074639625 aEnglish a105.23bWhi aJ. L. Whitten 0aSystem Analysis & Desing Methodscby J. L. Whitten, L. D. Bentley bTMHaNew Delhic1999 a724 aBE Computer aL. D. Bentley